[Event "FRA Team Ch"]
[Site "Montpellier"]
[Date "2001.04.28"]
[Round "8.2"]
[White "Tkachiev, Vladislav"]
[Black "Vallin, Guillaume"]
[Result "1-0"]
[WhiteElo "2672"]
[BlackElo "2396"]
[Annotator "Cannes-Gonfreville"]
[PlyCount "65"]
[EventDate "2001.04.??"]

1. d4 e6 2. c4 Nf6 3. Nf3 d5 4. Nc3 Bb4 5. cxd5 exd5 6. Bg5 h6 7. Bh4 g5 8. Bg3
Ne4 9. Nd2 Nxc3 10. bxc3 Bxc3 11. Rc1 Ba5 12. e3 c6 13. Bd3 Bc7 14. Bxc7 Qxc7
15. O-O f5 16. Nf3 Be6 17. Ne5 O-O 18. Qh5 Qg7 19. Rb1 b6 20. f4 Nd7 21. Nxc6
Rfc8 22. Rbc1 Nf6 23. Qe2 Ne4 24. fxg5 hxg5 25. Ba6 Rc7 26. Ne5 Nc5 27. Bb5
Rac8 28. Qh5 a6 29. Be2 Nd7 30. Rxc7 Rxc7 31. Qe8+ Nf8 32. Bxa6 Rc3 33. Bd3 1-0

[Event "FRA Team Ch"]
[Site "Montpellier"]
[Date "2001.04.28"]
[Round "8.3"]
[White "Beikert, Guenther"]
[Black "Kazhgaleyev, Murtas"]
[Result "0-1"]
[WhiteElo "2443"]
[BlackElo "2571"]
[Annotator "Gonfreville-Cannes"]
[PlyCount "76"]
[EventDate "2001.04.??"]

1. e4 c5 2. Nf3 d6 3. Bc4 Nf6 4. Qe2 Nc6 5. c3 Bg4 6. d3 e6 7. Nbd2 Be7 8. Bb3
d5 9. Bc2 Qc7 10. h3 Bh5 11. Nf1 b5 12. Ng3 Bg6 13. Nh4 Nxe4 14. dxe4 Bxh4 15.
Nf5 Bxf5 16. exf5 Qe5 17. Qxe5 Nxe5 18. a4 b4 19. O-O Kd7 20. cxb4 cxb4 21. a5
Bf6 22. Ba4+ Nc6 23. fxe6+ fxe6 24. Bd2 Bxb2 25. Bxb4 Bxa1 26. Rxa1 Rac8 27.
Rc1 Rc7 28. f4 Rb8 29. Ba3 a6 30. Kf2 Rb5 31. Bxb5 axb5 32. Bb2 g6 33. a6 Ra7
34. Rc5 b4 35. Rb5 Rxa6 36. Kg3 Kd6 37. Bg7 Kc7 38. Kg4 Ra5 0-1

[Event "FRA Team Ch"]
[Site "Montpellier"]
[Date "2001.04.28"]
[Round "8.5"]
[White "Gouret, Thierry"]
[Black "Gallagher, Joseph"]
[Result "1/2-1/2"]
[WhiteElo "2322"]
[BlackElo "1499"]
[Annotator "Gonfreville-Cannes"]
[PlyCount "74"]
[EventDate "2001.04.??"]

1. Nf3 d6 2. e4 c5 3. d4 cxd4 4. Qxd4 Nc6 5. Bb5 Bd7 6. Bxc6 Bxc6 7. Nc3 Nf6 8.
Bg5 e6 9. O-O-O Be7 10. Rhe1 O-O 11. e5 dxe5 12. Nxe5 Qc7 13. Qc4 Rac8 14. Nxc6
bxc6 15. Ne4 Nxe4 16. Bxe7 Qxe7 17. Qxe4 Rb8 18. Re2 Rb6 19. Rd3 Rfb8 20. Rb3
Qg5+ 21. f4 Qd5 22. Rxb6 axb6 23. Qxd5 cxd5 24. f5 Re8 25. Re3 Kf8 26. fxe6
fxe6 27. Rb3 Rb8 28. a4 Ke7 29. a5 b5 30. Rh3 h6 31. Rg3 Kf6 32. Rf3+ Ke7 33.
b4 Rc8 34. Kb2 Rc7 35. Rc3 Kd6 36. Rxc7 Kxc7 37. Kc3 e5 1/2-1/2

[Event "FRA Team Ch"]
[Site "Montpellier"]
[Date "2001.04.28"]
[Round "8.6"]
[White "Godena, Michele"]
[Black "Depyl, Pascal"]
[Result "1-0"]
[WhiteElo "2474"]
[BlackElo "2172"]
[Annotator "Cannes-Gonfreville"]
[PlyCount "53"]
[EventDate "2001.04.??"]

1. e4 e6 2. d4 d5 3. Nd2 dxe4 4. Nxe4 Be7 5. Nf3 Nf6 6. Bd3 Nxe4 7. Bxe4 Nd7 8.
Qe2 O-O 9. c3 c5 10. O-O cxd4 11. Nxd4 Nf6 12. Bf3 a6 13. Re1 Qc7 14. g3 Bc5
15. Bf4 Qb6 16. Rad1 Re8 17. Nb3 Be7 18. Qe3 Qxe3 19. Rxe3 Nd5 20. Bxd5 exd5
21. Bd6 Be6 22. Bxe7 Rxe7 23. Rxd5 Rc7 24. Rd6 h6 25. Re5 Rac8 26. f3 Rd7 27.
Rexe6 1-0

[Event "FRA Team Ch"]
[Site "Montpellier"]
[Date "2001.04.28"]
[Round "8.7"]
[White "Vaugeois, Cyrille"]
[Black "Anic, Darko"]
[Result "1/2-1/2"]
[WhiteElo "2106"]
[BlackElo "2469"]
[Annotator "Gonfreville-Cannes"]
[PlyCount "45"]
[EventDate "2001.04.??"]

1. e4 e5 2. Nf3 Nc6 3. Nc3 g6 4. d4 exd4 5. Nxd4 Bg7 6. Be3 Nge7 7. Qd2 O-O 8.
O-O-O d6 9. f3 Nxd4 10. Bxd4 Be6 11. Bxg7 Kxg7 12. h4 h5 13. Bc4 Nc6 14. Nd5
Bxd5 15. Bxd5 Qf6 16. g4 Ne5 17. gxh5 Qxf3 18. hxg6 fxg6 19. h5 Rh8 20. h6+ Kh7
21. Rdf1 Qg3 22. Rfg1 Qf3 23. Rf1 1/2-1/2

[Event "FRA Team Ch"]
[Site "Montpellier"]
[Date "2001.04.28"]
[Round "8.8"]
[White "Acher, Mathieu"]
[Black "Gervais, Claire"]
[Result "1-0"]
[WhiteElo "2264"]
[BlackElo "2170"]
[Annotator "Cannes-Gonfreville"]
[PlyCount "101"]
[EventDate "2001.04.??"]

1. e4 e6 2. d4 d5 3. Nc3 Bb4 4. e5 c5 5. a3 Ba5 6. b4 cxd4 7. Nb5 Bc7 8. f4 Ne7
9. Nf3 Nbc6 10. Bd3 Nf5 11. Qe2 a5 12. Rb1 axb4 13. Nxc7+ Qxc7 14. axb4 Qe7 15.
Bd2 Ra4 16. O-O O-O 17. g4 Ne3 18. Bxe3 dxe3 19. c3 g6 20. Qxe3 Rd8 21. Bb5 Ra2
22. Kh1 d4 23. cxd4 Ra8 24. Qc3 Bd7 25. Be2 Rdc8 26. Qd2 Ra4 27. b5 Na5 28. Ng5
Nc4 29. Qe1 Kg7 30. Ne4 h6 31. Nf6 Nb6 32. f5 exf5 33. gxf5 Rxd4 34. Nd5 Qc5
35. Nxb6 Qxb6 36. fxg6 fxg6 37. Rf6 Qc5 38. Qg3 Be8 39. Rg1 Qc2 40. Bf3 Rc5 41.
Re6 Bf7 42. Re7 Rc7 43. Qxg6+ Qxg6 44. Rxc7 Kf8 45. Rxg6 Bxg6 46. Rxb7 Be4 47.
Bxe4 Rxe4 48. b6 Rb4 49. e6 Ke8 50. Rb8+ Ke7 51. b7 1-0

[Event "FRA Team Ch"]
[Site "Montpellier"]
[Date "2001.04.28"]
[Round "8.9"]
[White "Nguyen, Kim-Thomas"]
[Black "Leconte, Maria"]
[Result "0-1"]
[WhiteElo "1890"]
[BlackElo "2258"]
[Annotator "Gonfreville-Cannes"]
[PlyCount "52"]
[EventDate "2001.04.??"]

1. d4 e6 2. e4 d5 3. Nc3 Nf6 4. Bg5 dxe4 5. Nxe4 Be7 6. Nxf6+ Bxf6 7. Bxf6 Qxf6
8. Nf3 c5 9. c3 O-O 10. dxc5 Rd8 11. Qc2 Nd7 12. Bd3 h6 13. b4 a5 14. O-O axb4
15. cxb4 Ra3 16. Bc4 Rxf3 17. gxf3 Ne5 18. Be2 Rd4 19. Qc3 Ng6 20. Kh1 Nf4 21.
Qb2 e5 22. Rad1 Bh3 23. Rg1 h5 24. b5 h4 25. Rxd4 exd4 26. a4 Nd3 0-1

[Event "FRA Team Ch"]
[Site "Montpellier"]
[Date "2001.04.28"]
[Round "8.1"]
[White "Kallai, Gabor"]
[Black "Adams, Michael"]
[Result "1/2-1/2"]
[WhiteElo "2543"]
[BlackElo "2746"]
[Annotator "Strasbourg-Monaco"]
[PlyCount "64"]
[EventDate "2001.04.??"]

1. d4 Nf6 2. c4 e6 3. Nf3 b6 4. g3 Ba6 5. b3 Bb4+ 6. Bd2 Be7 7. Bg2 c6 8. Bc3
d5 9. Ne5 Nfd7 10. Nxd7 Nxd7 11. Nd2 O-O 12. O-O Nf6 13. e4 b5 14. Re1 dxe4 15.
Qc2 Rb8 16. Rad1 Qc8 17. Bf1 bxc4 18. bxc4 c5 19. Nxe4 cxd4 20. Nxf6+ Bxf6 21.
Bxd4 Bxd4 22. Rxd4 Qc5 23. Red1 g6 24. Qc3 Rbc8 25. h4 h5 26. R1d2 Bb7 27. Bg2
Bxg2 28. Kxg2 a5 29. Qf3 Kg7 30. Qe4 a4 31. Rb2 Rb8 32. Rb5 Rxb5 1/2-1/2

[Event "FRA Team Ch"]
[Site "Montpellier"]
[Date "2001.04.28"]
[Round "8.2"]
[White "Andersson, Ulf"]
[Black "Varga, Peter"]
[Result "1/2-1/2"]
[WhiteElo "2640"]
[BlackElo "2464"]
[Annotator "Monaco-Strasbourg"]
[PlyCount "43"]
[EventDate "2001.04.??"]

1. Nf3 d5 2. d4 c6 3. c4 Nf6 4. Nc3 dxc4 5. a4 Bf5 6. e3 e6 7. Bxc4 Bb4 8. O-O
O-O 9. Qe2 Ne4 10. Bd3 Bxc3 11. bxc3 Nxc3 12. Qc2 Bxd3 13. Qxd3 Nd5 14. Ba3 Re8
15. Rab1 b6 16. Rfc1 a5 17. Ne5 Qc7 18. e4 Nb4 19. Bxb4 axb4 20. Rxb4 c5 21.
Rbc4 Nd7 22. Nf3 1/2-1/2

[Event "FRA Team Ch"]
[Site "Montpellier"]
[Date "2001.04.28"]
[Round "8.3"]
[White "Maier, Christian"]
[Black "Marciano, David"]
[Result "0-1"]
[WhiteElo "2372"]
[BlackElo "2506"]
[Annotator "Strasbourg-Monaco"]
[PlyCount "142"]
[EventDate "2001.04.??"]

1. e4 e5 2. Nf3 Nc6 3. Bc4 Bc5 4. O-O Nf6 5. d3 d6 6. c3 O-O 7. Bb3 a6 8. Bg5
h6 9. Bh4 Bg4 10. h3 Bxf3 11. Qxf3 g5 12. Bg3 Kg7 13. Nd2 Qd7 14. Nc4 g4 15.
hxg4 Qxg4 16. Bd1 Qg5 17. Ne3 Ne7 18. Bh2 Rg8 19. Nf5+ Nxf5 20. Qxf5 Kf8 21.
Bf3 Re8 22. Rfe1 Qh4 23. d4 exd4 24. Bg3 Qg5 25. Qxg5 Rxg5 26. Bf4 dxc3 27.
bxc3 Rg6 28. e5 Ng4 29. Bxg4 Rxg4 30. Bxh6+ Kg8 31. exd6 Rxe1+ 32. Rxe1 Bxd6
33. Re8+ Kh7 34. Be3 Ra4 35. Bd4 c5 36. Rh8+ Kg6 37. Be3 Be5 38. Rh6+ Kg7 39.
Rb6 Rxa2 40. g4 Bxc3 41. Rxb7 Ra4 42. Bxc5 Rxg4+ 43. Kf1 a5 44. Ra7 Rc4 45. Be3
a4 46. Ke2 Bb2 47. Kd3 Rb4 48. Bd2 Rd4+ 49. Kc2 a3 50. Ra6 f6 51. Be3 Rd5 52.
Kb3 Kg6 53. Kc4 Rd1 54. Ra5 f5 55. Kb3 Rd3+ 56. Kc2 Rc3+ 57. Kd2 Rc4 58. Ra6+
Kh5 59. Kd3 Rb4 60. f3 f4 61. Bc5 Rb5 62. Kc4 Rb7 63. Kd5 Rb5 64. Kc4 Rb8 65.
Kd5 Re8 66. Bd6 Bc1 67. Be5 Kg5 68. Ra7 Bb2 69. Bd6 Re3 70. Ra6 Rxf3 71. Be7+
Kh5 0-1

[Event "FRA Team Ch"]
[Site "Montpellier"]
[Date "2001.04.28"]
[Round "8.4"]
[White "Relange, Eloi"]
[Black "Roos, Daniel"]
[Result "1/2-1/2"]
[WhiteElo "2484"]
[BlackElo "2404"]
[Annotator "Monaco-Strasbourg"]
[PlyCount "37"]
[EventDate "2001.04.??"]

1. d4 d5 2. c4 c6 3. Nf3 a6 4. Nc3 Nf6 5. Bg5 Ne4 6. Bf4 Nxc3 7. bxc3 dxc4 8.
g3 Nd7 9. Bg2 e6 10. Nd2 Nb6 11. e4 c5 12. O-O cxd4 13. cxd4 Ba3 14. Rb1 Be7
15. Qc2 O-O 16. Nxc4 Nxc4 17. Qxc4 b5 18. Qd3 Ra7 19. Rfd1 1/2-1/2

[Event "FRA Team Ch"]
[Site "Montpellier"]
[Date "2001.04.28"]
[Round "8.5"]
[White "Roos, Louis"]
[Black "Efimov, Igor"]
[Result "0-1"]
[WhiteElo "2381"]
[BlackElo "2465"]
[Annotator "Strasbourg-Monaco"]
[PlyCount "84"]
[EventDate "2001.04.??"]

1. c4 e5 2. Nc3 Nc6 3. Nf3 d6 4. d4 Bg4 5. d5 Bxf3 6. gxf3 Nce7 7. Bh3 f5 8. e4
Qd7 9. f4 O-O-O 10. fxe5 dxe5 11. Be3 Nf6 12. Bxa7 g5 13. Be3 g4 14. Bg5 Neg8
15. Bg2 f4 16. h3 g3 17. fxg3 Qg7 18. Bh4 Bc5 19. Qf3 Ne7 20. O-O-O Ng6 21.
Bxf6 Qxf6 22. h4 h5 23. Kc2 Qa6 24. Bh3+ Kb8 25. Bf5 fxg3 26. d6 Nf4 27. dxc7+
Kxc7 28. Nb5+ Kc6 29. Qxg3 Qxa2 30. Qb3 Qxb3+ 31. Kxb3 Rdg8 32. Rd2 Rg3+ 33.
Kc2 Ra8 34. Rhd1 Ra4 35. Bd7+ Kb6 36. Nd6 Rb4 37. Bb5 Bd4 38. Kc1 Be3 39. Nf5
Bxd2+ 40. Rxd2 Rh3 41. Ne7 Nd3+ 42. Kb1 Rh1+ 0-1

[Event "FRA Team Ch"]
[Site "Montpellier"]
[Date "2001.04.28"]
[Round "8.6"]
[White "Miralles, Gilles"]
[Black "Roos, Jean-Luc"]
[Result "1-0"]
[WhiteElo "2473"]
[BlackElo "2264"]
[Annotator "Monaco-Strasbourg"]
[PlyCount "131"]
[EventDate "2001.04.??"]

1. e4 e6 2. d4 d5 3. Nd2 Nf6 4. e5 Nfd7 5. Bd3 c5 6. c3 Nc6 7. Ne2 cxd4 8. cxd4
Qb6 9. Nf3 f6 10. exf6 Nxf6 11. O-O Bd6 12. Bf4 Bxf4 13. Nxf4 Qxb2 14. Re1 O-O
15. Re2 Qb6 16. Rb1 Qc7 17. Nxe6 Bxe6 18. Rxe6 Rae8 19. Qe1 Nd8 20. Rxe8 Rxe8
21. Ne5 Ne6 22. Bb5 Re7 23. Rc1 Qd8 24. Qe3 Nc7 25. Bd3 Qd6 26. h3 Nd7 27. f4
Nf8 28. Bf5 Nfe6 29. Bxe6+ Qxe6 30. Qa3 Nb5 31. Qb4 Nc7 32. f5 Qh6 33. Rc3 Qh4
34. Nf3 a5 35. Qd6 Qf6 36. Qd8+ Qf8 37. Qxf8+ Kxf8 38. Rc5 b6 39. Rc6 b5 40.
Ne5 b4 41. Rb6 Ne8 42. Ra6 Rc7 43. Rxa5 Rc2 44. Nd3 Rd2 45. Nxb4 Rxd4 46. Nxd5
Nd6 47. Ne3 Ne4 48. Ra8+ Kf7 49. a4 Rd3 50. Ng4 Rd1+ 51. Kh2 h5 52. Ra7+ Kg8
53. Ne5 Kh7 54. Nf3 Rd5 55. Re7 Nf6 56. Re5 Rd3 57. a5 Ra3 58. Ng5+ Kh6 59.
Nf7+ Kh7 60. Rb5 h4 61. Ng5+ Kh6 62. Nf3 Ra4 63. Rb8 Nh7 64. Rh8 Rxa5 65. Nxh4
Ra2 66. Ng6 1-0

[Event "FRA Team Ch"]
[Site "Montpellier"]
[Date "2001.04.28"]
[Round "8.7"]
[White "Mensch, Etienne"]
[Black "Hauchard, Arnaud"]
[Result "0-1"]
[WhiteElo "2313"]
[BlackElo "2527"]
[Annotator "Strasbourg-Monaco"]
[PlyCount "98"]
[EventDate "2001.04.??"]

1. d4 Nf6 2. Bg5 e6 3. e3 c5 4. Nd2 d5 5. c3 Nc6 6. f4 h6 7. Bh4 Be7 8. Bd3 Qb6
9. Rb1 Bd7 10. Bxf6 Bxf6 11. Ngf3 g5 12. Ne5 gxf4 13. Nxd7 Kxd7 14. O-O cxd4
15. exd4 Bxd4+ 16. cxd4 Qxd4+ 17. Kh1 Qxd3 18. Rxf4 Raf8 19. Rc1 Rhg8 20. Rc3
Qg6 21. Rg3 Qh7 22. Ne4 f5 23. Nc5+ Kd6 24. Rc3 Qg7 25. g3 Qc7 26. Qb3 Ke7 27.
Nxb7 Rb8 28. Qa3+ Kf6 29. Nc5 Qe7 30. Qa6 Rb6 31. Qe2 e5 32. Rh4 Nd4 33. Qf2
Kg7 34. Nd3 Rgb8 35. b3 Nb5 36. Rc1 Nd6 37. Qe3 Nf7 38. Rf1 d4 39. Qe2 Rf6 40.
Kg1 Qd6 41. g4 fxg4 42. Rxg4+ Kh8 43. Rc1 Rg8 44. Rxg8+ Kxg8 45. Qe4 Ng5 46.
Rc8+ Kg7 47. Qb7+ Rf7 48. Qg2 Qg6 49. Kh1 Qxd3 0-1

[Event "FRA Team Ch"]
[Site "Montpellier"]
[Date "2001.04.28"]
[Round "8.8"]
[White "Kesmaecker, Philippe"]
[Black "Herbrechtsmeier, Christof"]
[Result "1/2-1/2"]
[WhiteElo "2266"]
[BlackElo "2336"]
[Annotator "Monaco-Strasbourg"]
[PlyCount "27"]
[EventDate "2001.04.??"]

1. Nf3 Nf6 2. c4 g6 3. Nc3 d5 4. cxd5 Nxd5 5. e4 Nxc3 6. dxc3 Qxd1+ 7. Kxd1 f6
8. Be3 e5 9. Bc4 Nd7 10. Kc2 Bc5 11. Rhe1 Bxe3 12. Rxe3 Ke7 13. Ree1 Nc5 14.
Nd2 1/2-1/2

[Event "FRA Team Ch"]
[Site "Montpellier"]
[Date "2001.04.28"]
[Round "8.9"]
[White "Chapelle, Emilie"]
[Black "Te-Lallemand, Roza"]
[Result "0-1"]
[WhiteElo "2060"]
[BlackElo "2291"]
[Annotator "Strasbourg-Monaco"]
[PlyCount "32"]
[EventDate "2001.04.??"]

1. d4 Nf6 2. c4 e5 3. dxe5 Ng4 4. a3 Nxe5 5. e3 d6 6. Nf3 Nbc6 7. Nc3 g6 8. b3
Bg7 9. Bb2 O-O 10. Be2 Re8 11. Qc2 Bf5 12. Qd1 Nxf3+ 13. gxf3 Qh4 14. Ra2 Bxc3+
15. Bxc3 Rxe3 16. Kd2 Qxf2 0-1

[Event "FRA Team Ch"]
[Site "Montpellier"]
[Date "2001.04.28"]
[Round "8.1"]
[White "Sokolov, Andrei"]
[Black "Fressinet, Laurent"]
[Result "1/2-1/2"]
[WhiteElo "2566"]
[BlackElo "2581"]
[Annotator "Mulhouse-Montpellier"]
[PlyCount "61"]
[EventDate "2001.04.??"]

1. e4 e5 2. Nf3 Nf6 3. Nxe5 d6 4. Nf3 Nxe4 5. d4 d5 6. Bd3 Nc6 7. O-O Be7 8. c4
Nb4 9. Be2 O-O 10. Nc3 Be6 11. Ne5 f6 12. Bg4 Bxg4 13. Nxg4 dxc4 14. Nxe4 f5
15. Nd2 fxg4 16. Nxc4 c5 17. a3 Nc6 18. dxc5 Qxd1 19. Rxd1 Bxc5 20. Be3 Bxe3
21. Nxe3 h5 22. Rd7 Rf7 23. Rad1 Raf8 24. Rxf7 Rxf7 25. Kf1 g6 26. Rd6 Kg7 27.
Ke2 Re7 28. Kd3 Rf7 29. Ke2 Ne5 30. Re6 Nc6 31. Rd6 1/2-1/2

[Event "FRA Team Ch"]
[Site "Montpellier"]
[Date "2001.04.28"]
[Round "8.2"]
[White "Nisipeanu, Liviu-Dieter"]
[Black "Koch, Jean-Rene"]
[Result "1/2-1/2"]
[WhiteElo "2596"]
[BlackElo "2507"]
[Annotator "Montpellier-Mulhouse"]
[PlyCount "57"]
[EventDate "2001.04.??"]

1. e4 e5 2. Nf3 Nf6 3. Nxe5 d6 4. Nf3 Nxe4 5. c4 Nc6 6. Nc3 Nxc3 7. dxc3 Be7 8.
Qc2 Be6 9. Bf4 Qd7 10. O-O-O Bf5 11. Bd3 Bxd3 12. Qxd3 O-O-O 13. h3 Bf6 14.
Rhe1 g6 15. Qd5 Rhe8 16. Rxe8 Qxe8 17. Ng5 Bxg5 18. Bxg5 Rd7 19. Kd2 Qh8 20.
Re1 h6 21. Be3 Re7 22. f4 Qe8 23. g4 a6 24. b3 Nb8 25. Qd4 Nd7 26. Qg7 Nc5 27.
Qxh6 Ne4+ 28. Kc2 Nxc3 29. f5 1/2-1/2

[Event "FRA Team Ch"]
[Site "Montpellier"]
[Date "2001.04.28"]
[Round "8.3"]
[White "Marzolo, Cyril"]
[Black "Prie, Eric"]
[Result "1/2-1/2"]
[WhiteElo "2378"]
[BlackElo "2490"]
[Annotator "Mulhouse-Montpellier"]
[PlyCount "117"]
[EventDate "2001.04.??"]

1. d4 d5 2. c4 c6 3. Nc3 Nf6 4. Nf3 a6 5. c5 Nbd7 6. Bf4 Nh5 7. e3 Nxf4 8. exf4
Qc7 9. Qd2 g6 10. Bd3 Bg7 11. O-O O-O 12. b4 Re8 13. Rfe1 Nf8 14. a4 Bh6 15. g3
f6 16. h4 Bg4 17. Nh2 Bd7 18. Qa2 e5 19. Ne4 Bg7 20. Nd6 exf4 21. Nxe8 Bxe8 22.
Kg2 g5 23. Bf5 fxg3 24. fxg3 gxh4 25. gxh4 Ng6 26. Qf2 Nf4+ 27. Kh1 Bg6 28.
Bxg6 hxg6 29. Qg3 Kf7 30. Rg1 Re8 31. Rae1 Re4 32. Nf3 Bh6 33. Rxe4 dxe4 34.
Ng5+ Bxg5 35. hxg5 f5 36. Qh2 Ne6 37. Qh8 Ng7 38. b5 axb5 39. axb5 e3 40. d5
Qe7 41. dxc6 bxc6 42. b6 Qe4+ 43. Kh2 Qf4+ 44. Kh1 Qf3+ 45. Kh2 Qf2+ 46. Rg2
Qf4+ 47. Kg1 Qd4 48. Kh2 Qe5+ 49. Kg1 e2 50. Rxe2 Qxe2 51. Qd8 Qe1+ 52. Kg2 f4
53. Qc7+ Kg8 54. b7 f3+ 55. Kxf3 Qf1+ 56. Ke3 Nf5+ 57. Kd2 Qf2+ 58. Kc1 Qxc5+
59. Kb1 1/2-1/2

[Event "FRA Team Ch"]
[Site "Montpellier"]
[Date "2001.04.28"]
[Round "8.4"]
[White "Hamdouchi, Hichem"]
[Black "Benitah, Yohan"]
[Result "1-0"]
[WhiteElo "2535"]
[BlackElo "2345"]
[Annotator "Montpellier-Mulhouse"]
[PlyCount "43"]
[EventDate "2001.04.??"]

1. e4 e6 2. d3 d5 3. Nd2 c5 4. Ngf3 Nc6 5. g3 g6 6. Bg2 Bg7 7. O-O Nge7 8. exd5
Nxd5 9. Nb3 b6 10. d4 Ba6 11. Re1 c4 12. Nbd2 O-O 13. c3 Qc7 14. Bf1 Na5 15.
Ne5 Rad8 16. Qg4 Bc8 17. Qh4 b5 18. Ne4 Qe7 19. Qxe7 Nxe7 20. b4 cxb3 21. Ba3
Rfe8 22. Bxb5 1-0

[Event "FRA Team Ch"]
[Site "Montpellier"]
[Date "2001.04.28"]
[Round "8.5"]
[White "Bonnet, Edouard"]
[Black "Santo-Roman, Marc"]
[Result "0-1"]
[WhiteElo "2154"]
[BlackElo "2416"]
[Annotator "Mulhouse-Montpellier"]
[PlyCount "96"]
[EventDate "2001.04.??"]

1. e4 c5 2. Nf3 Nc6 3. d4 cxd4 4. Nxd4 Nf6 5. Nc3 d6 6. f3 Qb6 7. Nb3 e6 8. Qe2
a6 9. Be3 Qc7 10. g4 Be7 11. h4 b5 12. Qf2 Nd7 13. g5 Nde5 14. O-O-O Rb8 15.
Nd4 Bd7 16. Rg1 Nc4 17. Bxc4 bxc4 18. f4 Qb7 19. b3 Qb4 20. Nxc6 Bxc6 21. Bd4
O-O 22. Qe3 Rfd8 23. g6 fxg6 24. h5 Qa5 25. Qh3 Bd7 26. hxg6 h6 27. Qf3 Rf8 28.
Qe3 Bc6 29. Qh3 Bd7 30. Qe3 Rbc8 31. f5 cxb3 32. axb3 Bf6 33. Bxf6 Rxf6 34. Kb2
exf5 35. e5 f4 36. Qf3 Qxe5 37. Rge1 Qc5 38. Qd5+ Be6 39. Qd3 Bf5 40. Qd5+ Be6
41. Qd3 Bf5 42. Qd5+ Kf8 43. Qxc5 Rxc5 44. b4 Re5 45. Nd5 Rxe1 46. Rxe1 Rxg6
47. Nxf4 Rg4 48. Nd5 Rd4 0-1

[Event "FRA Team Ch"]
[Site "Montpellier"]
[Date "2001.04.28"]
[Round "8.6"]
[White "Flear, Glenn C"]
[Black "Libiszewski, Fabien"]
[Result "1-0"]
[WhiteElo "2476"]
[BlackElo "2255"]
[Annotator "Montpellier-Mulhouse"]
[PlyCount "97"]
[EventDate "2001.04.??"]

1. d4 d5 2. c4 Nc6 3. Nc3 dxc4 4. Nf3 Nf6 5. e4 Bg4 6. Be3 e5 7. d5 Ne7 8. Bxc4
Ng6 9. Qa4+ Bd7 10. Bb5 Bd6 11. Bg5 Be7 12. Rc1 a6 13. Bxd7+ Qxd7 14. Bxf6 Bxf6
15. Qxd7+ Kxd7 16. g3 Be7 17. Ke2 Rhc8 18. Rc2 f6 19. h4 Nh8 20. h5 Nf7 21. Kd3
Bc5 22. Na4 Ba7 23. b4 b6 24. Rhc1 Nd6 25. Nh4 b5 26. Nc5+ Bxc5 27. bxc5 Nc4
28. Nf5 c6 29. d6 Rg8 30. Ne3 Nxe3 31. Kxe3 g5 32. hxg6 hxg6 33. Rh1 Rh8 34.
Rcc1 a5 35. f4 b4 36. fxe5 fxe5 37. Rcf1 Ke6 38. Kd3 Rab8 39. g4 g5 40. Kc4
Rxh1 41. Rxh1 Rf8 42. Rh6+ Kd7 43. Rh7+ Kd8 44. Rc7 Rf4 45. Rxc6 Rxe4+ 46. Kd5
Rxg4 47. Ra6 Rd4+ 48. Ke6 Kc8 49. c6 1-0

[Event "FRA Team Ch"]
[Site "Montpellier"]
[Date "2001.04.28"]
[Round "8.7"]
[White "Muller, Anne"]
[Black "Touzane, Olivier"]
[Result "0-1"]
[WhiteElo "2208"]
[BlackElo "2388"]
[Annotator "Mulhouse-Montpellier"]
[PlyCount "100"]
[EventDate "2001.04.??"]

1. e4 c5 2. Nf3 d6 3. d4 cxd4 4. Nxd4 Nf6 5. Nc3 a6 6. Be2 e6 7. O-O Be7 8. f4
O-O 9. Kh1 Qc7 10. a4 Nc6 11. Be3 Re8 12. Qe1 Nxd4 13. Bxd4 e5 14. Be3 exf4 15.
Bxf4 Be6 16. Qg3 Nd7 17. Rad1 Ne5 18. Bd3 Ng6 19. Bc1 Qa5 20. Bd2 Qc5 21. Be3
Qb4 22. Bd2 Qc5 23. Be3 Qh5 24. Be2 Qa5 25. Qf2 Rac8 26. Bb6 Qb4 27. Nd5 Qxe4
28. Bd3 Qxa4 29. Nc7 Rf8 30. Qe3 Ne5 31. Nxe6 fxe6 32. Qh3 Qh4 33. Qxe6+ Kh8
34. Rxf8+ Rxf8 35. Rf1 Nxd3 36. Rxf8+ Bxf8 37. cxd3 Qf6 38. Qc8 Kg8 39. Qc4+
Qf7 40. Qc8 h5 41. h3 Kh7 42. Bc7 d5 43. Be5 Bb4 44. d4 Be1 45. Qc2+ Qg6 46.
Qe2 Bh4 47. Qf3 b5 48. Qxd5 Qb1+ 49. Kh2 Bf2 50. h4 Bg1+ 0-1

[Event "FRA Team Ch"]
[Site "Montpellier"]
[Date "2001.04.28"]
[Round "8.1"]
[White "Legky, Nikolay A"]
[Black "Moreno Carnero, Javier"]
[Result "0-1"]
[WhiteElo "2477"]
[BlackElo "2483"]
[Annotator "Drancy-Noyon"]
[PlyCount "70"]
[EventDate "2001.04.??"]

1. d4 Nf6 2. c4 g6 3. Nc3 Bg7 4. e4 d6 5. Be2 O-O 6. Bg5 Na6 7. Qc2 e5 8. d5
Qe8 9. h3 Nh5 10. Bxh5 gxh5 11. g4 f6 12. Be3 hxg4 13. hxg4 Bxg4 14. f3 Bh5 15.
Qh2 Bg6 16. Nh3 Nc5 17. O-O-O Na4 18. Qc2 Nxc3 19. Qxc3 c5 20. Rdg1 Qa4 21. Kb1
b5 22. cxb5 Rab8 23. Bc1 Rxb5 24. Rh2 Rfb8 25. Qc2 Qa6 26. Qc3 Ra5 27. b3 c4
28. Rb2 cxb3 29. Rxb3 Rxb3+ 30. axb3 Rc5 31. Qb4 Qd3+ 32. Ka2 Qxf3 33. Qb8+ Bf8
34. Bh6 Qe2+ 35. Ka3 Qa6+ 0-1

[Event "FRA Team Ch"]
[Site "Montpellier"]
[Date "2001.04.28"]
[Round "8.2"]
[White "Rechlis, Gad"]
[Black "Komarov, Dimitri"]
[Result "1/2-1/2"]
[WhiteElo "2525"]
[BlackElo "2540"]
[Annotator "Noyon-Drancy"]
[PlyCount "27"]
[EventDate "2001.04.??"]

1. e4 e6 2. d4 d5 3. Nc3 Nf6 4. Bg5 dxe4 5. Nxe4 Nbd7 6. Nf3 Be7 7. Nxf6+ Bxf6
8. Qd2 Bxg5 9. Nxg5 Nf6 10. O-O-O Bd7 11. Bc4 O-O 12. Rhe1 b5 13. Bf1 Bc6 14.
Re5 1/2-1/2

[Event "FRA Team Ch"]
[Site "Montpellier"]
[Date "2001.04.28"]
[Round "8.3"]
[White "David, Alberto"]
[Black "Glavina, Pablo"]
[Result "1/2-1/2"]
[WhiteElo "2521"]
[BlackElo "2414"]
[Annotator "Drancy-Noyon"]
[PlyCount "49"]
[EventDate "2001.04.??"]

1. e4 e5 2. Nf3 Nc6 3. Bb5 a6 4. Ba4 Nf6 5. O-O Bc5 6. c3 b5 7. Bb3 d6 8. a4
Bg4 9. h3 Bxf3 10. Qxf3 O-O 11. d3 Na5 12. Bc2 b4 13. Nd2 Rb8 14. Qe2 Re8 15.
Nf3 bxc3 16. bxc3 Nb3 17. Bxb3 Rxb3 18. d4 exd4 19. cxd4 Rxe4 20. Be3 Bb4 21.
Qc4 Rb2 22. Qc1 Rb3 23. Qc4 Rb2 24. Qc1 Rb3 25. Qc4 1/2-1/2

[Event "FRA Team Ch"]
[Site "Montpellier"]
[Date "2001.04.28"]
[Round "8.5"]
[White "Giffard, Nicolas"]
[Black "Peyrat, Olivier"]
[Result "1-0"]
[WhiteElo "2393"]
[BlackElo "2373"]
[Annotator "Drancy-Noyon"]
[PlyCount "117"]
[EventDate "2001.04.??"]

1. d4 d6 2. Nf3 Bg4 3. e3 Nd7 4. c4 e5 5. Nc3 Be7 6. Be2 c6 7. O-O Ngf6 8. e4
O-O 9. Be3 a6 10. d5 cxd5 11. cxd5 Bxf3 12. Bxf3 Qb8 13. a4 Rc8 14. Bg4 Re8 15.
Bh3 Bd8 16. a5 b6 17. b4 Qb7 18. Qd3 Bc7 19. Rfc1 Rec8 20. b5 Bd8 21. axb6 axb5
22. Nxb5 Rxc1+ 23. Rxc1 Bxb6 24. Nxd6 Qb8 25. Bxd7 Qxd6 26. Bc6 Bxe3 27. Qxe3
Rd8 28. f3 Nh5 29. g3 g6 30. Rb1 Kg7 31. Rb7 Rb8 32. Rxb8 Qxb8 33. Qc3 f6 34.
Kg2 Qd6 35. Bb5 Kf7 36. Qa5 Ng7 37. Qa7+ Kf8 38. Qd7 Qxd7 39. Bxd7 Ke7 40. Ba4
Kd6 41. g4 Kc5 42. Kf2 Kd4 43. Bd7 h5 44. h3 h4 45. Ke2 Kc4 46. Be6 Kc5 47. Bf7
g5 48. Kd3 Kb5 49. Kc3 Kc5 50. Kb3 Kb5 51. Bg6 Kc5 52. Ka4 Kc4 53. Ka5 Kc5 54.
Ka6 Kd6 55. Kb6 Kd7 56. Kb7 Kd8 57. Kc6 Kc8 58. Kd6 Kd8 59. Bf7 1-0